000 00405nam a22001577a 4500
020 _a978-1-319-49857-3
082 _a330
100 _aKrugman, Paul
245 _aEssentials of Economics
250 _a6th
260 _aNew York:
_bWorth Publishers,
_c2023
300 _axxvii, 622p.:
_bill.; 28cm.
500 _aIncludes Bibliographical References and Index
700 _aWells, Robin
942 _cBK
999 _c22236
_d22236